| 000 | 00385 a2200121 4500 | ||
|---|---|---|---|
| 003 | NUST | ||
| 082 |
_a808.066 _bSHA |
||
| 100 |
_aWasima Shahzad _946446 |
||
| 110 |
_aNational University of Sciences and Technology _9118470 |
||
| 245 |
_aSynopsis & Thesis Manual _bScientist as a Communicator and Presenter ( Series) |
||
| 260 |
_aRawalpindi _bNUST _c2002 |
||
| 942 |
_aNBS _cBK _k121.3 WAS _2ddc |
||
| 999 |
_c347525 _d347525 |
||